00729cam a22001337a 4500008004000000082001400040245019300054260013900247300001000386440001900396500002900415650002200444700012900466180718b2010 xxu||||| |||| 00| 0 eng d aPx54 Ed83 aEducation in India: participation and expenditure (NSS 64th round)cby National Sample Survey Office, National Statistical Organisation, Ministry of Statistics and Programme Implementation aNew DelhibNational Sample Survey Office, National Statistical Organisation, Ministry of Statistics and Programme Implementationc2010 a88+p. aReport no. 532 aLibrary has 2007/08,2014 aEducation - India aIndia. Ministry of Statistics and Programme Implementation. National Statistical Organisation. National Sample Survey Office